LIBRARY & INFORMATION CENTRE, KCAET, TAVANUR

ONLINE PUBLIC ACCESS CATALOGUE (OPAC)

Kattukuranghu (Record no. 16422)

MARC details
000 -LEADER
fixed length control field 00208nam a22000977a 4500
003 - CONTROL NUMBER IDENTIFIER
control field OSt
008 - FIXED-LENGTH DATA ELEMENTS--GENERAL INFORMATION
fixed length control field 210113b ||||| |||| 00| 0 eng d
100 ## - MAIN ENTRY--AUTHOR NAME
Personal name Surendran, K
245 ## - TITLE STATEMENT
Title Kattukuranghu
942 ## - ADDED ENTRY ELEMENTS (KOHA)
Koha item type Books
Holdings
Withdrawn status Lost status Damaged status Home library Current library Date acquired Accession Number Koha item type
Withdrawn   Damaged KAUAET KAUAET 13/01/2021 359 Books
Withdrawn     KAUAET KAUAET 29/01/2021 5889 Books
free website counter